000 01218cam a2200277 a 4500
005 20151211092940.0
008 141205s2014 000 0 eng u
020 _a9789264208285
020 _a9789264208292 (PDF)
040 _aCO-BoFUB
_cCO-BoIAVH
_dCO-BoIAVH
041 0 _aspa
044 _acl
082 0 4 _a333.714
_bO15e
110 1 _aOrganización para la Cooperación y el Desarrollo Económicos (París)
245 1 0 _aEvaluaciones del desempeño ambiental :
_bColombia /
_cPublicación conjunta de la OCDE y la CEPAL.
260 _aSantiago de Chile? :
_bNaciones Unidas ; CEPAL,
_cc2014-
300 _a255 páginas :
_btablas, gráficas ;
_c27 x 21 cm.
504 _aIncluye bibliografías.
610 6 _aOrganización para la Cooperación y el Desarrollo Económicos (París)
_vInformes
610 6 _aNaciones Unidas.
_bComisión Económica para América Latina y el Caribe
_xProgramas ambientales
650 6 _aGestión ambiental
_zColombia
650 6 _aProtección del medio ambiente
_zColombia
650 6 _aPolítica ambiental
_zColombia
710 2 _aNaciones Unidas.
_bComisión Económica para América Latina y el Caribe
942 _2ddc
_cLIBRO
999 _c17903
_d17903